[Event "Basel op"]
[Site "Basel"]
[Date "2015.01.04"]
[Round "5"]
[White "Faraone, Ettore"]
[Black "Chauveau, Philippe"]
[Result "1-0"]
[WhiteElo "2051"]
[BlackElo "1959"]
[PlyCount "45"]
[EventDate "2015.01.01"]
[EventType "swiss"]
[EventRounds "7"]
[EventCountry "SUI"]
[SourceTitle "CBM 164 Extra"]
[Source "ChessBase"]
[SourceDate "2015.03.02"]
[SourceVersion "1"]
[SourceVersionDate "2015.03.02"]
[SourceQuality "1"]

1. e4 c5 2. Nf3 Nc6 3. Bb5 d6 4. Bxc6+ bxc6 5. 0-0 g6 6. Re1 e5 7. c3 Bg7 8. d4 cxd4 9. cxd4 exd4 10. Nxd4 Ne7 11. Bg5 Qb6 12. e5 dxe5 13. Nb3 Nd5 14. Nc3 Nxc3 15. Qd6 Nd5 16. Rxe5+ Be6 17. Rxd5 Bf8 18. Qe5 Rb8 19. Rd3 h6 20. Bf6 Qb5 21. Qe4 Be7 22. Nd4 Qxb2 23. Qxc6+ 1-0

[Event "Basel op"]
[Site "Basel"]
[Date "2015.01.03"]
[Round "4"]
[White "Chauveau, Philippe"]
[Black "Ernst, Rolf"]
[Result "0-1"]
[WhiteElo "1959"]
[BlackElo "2036"]
[PlyCount "106"]
[EventDate "2015.01.01"]
[EventType "swiss"]
[EventRounds "7"]
[EventCountry "SUI"]
[SourceTitle "CBM 164 Extra"]
[Source "ChessBase"]
[SourceDate "2015.03.02"]
[SourceVersion "1"]
[SourceVersionDate "2015.03.02"]
[SourceQuality "1"]

1. Nf3 Nf6 2. c4 e6 3. g3 b6 4. Bg2 Bb7 5. 0-0 Be7 6. d4 0-0 7. Nc3 Ne4 8. Nxe4 Bxe4 9. Nh4 Bxg2 10. Nxg2 d5 11. Qa4 c6 12. cxd5 cxd5 13. Bd2 Qd7 14. Qxd7 Nxd7 15. Rfc1 Rfc8 16. Ne1 Kf8 17. Nd3 Rc4 18. Rxc4 dxc4 19. Nf4 b5 20. e4 Rc8 21. a3 Nb6 22. Rc1 Rd8 23. Ne2 Na4 24. Rc2 Ke8 25. f4 f5 26. e5 a6 27. Kf2 Rc8 28. Ba5 Bd8 29. Bxd8 Rxd8 30. Ke3 Nb6 31. Nc3 Rd7 32. h3 Kd8 33. g4 g6 34. gxf5 gxf5 35. Rg2 Kc7 36. h4 Kc6 37. h5 a5 38. h6 b4 39. axb4 axb4 40. Nd1 Nd5+ 41. Kf3 Nxf4 42. Kxf4 Rxd4+ 43. Ke3 Rxd1 44. Rg7 Rh1 45. Rxh7 Kd5 46. Rh8 Kxe5 47. h7 c3 48. bxc3 bxc3 49. Kd3 Rh3+ 50. Kc2 f4 51. Kb3 Ke4 52. Re8 Rxh7 53. Rxe6+ Kd5 0-1

[Event "Basel op"]
[Site "Basel"]
[Date "2015.01.01"]
[Round "1"]
[White "Hugentobler, Patrick"]
[Black "Chauveau, Philippe"]
[Result "1-0"]
[WhiteElo "2207"]
[BlackElo "1959"]
[PlyCount "59"]
[EventDate "2015.01.01"]
[EventType "swiss"]
[EventRounds "7"]
[EventCountry "SUI"]
[SourceTitle "CBM 164 Extra"]
[Source "ChessBase"]
[SourceDate "2015.03.02"]
[SourceVersion "1"]
[SourceVersionDate "2015.03.02"]
[SourceQuality "1"]

1. e4 d6 2. d4 Nf6 3. Nc3 e5 4. Nf3 Nbd7 5. Bc4 Be7 6. 0-0 0-0 7. a4 c6 8. Qe2 exd4 9. Nxd4 Nc5 10. Ba2 Re8 11. Qc4 Ne6 12. Nf5 Bf8 13. Rd1 d5 14. exd5 cxd5 15. Qh4 d4 16. Qg3 Kh8 17. Nb5 Nh5 18. Qf3 Nf6 19. h3 a6 20. Nbxd4 Nxd4 21. Nxd4 Qa5 22. Be3 Re4 23. Bxf7 Bd7 24. Bc4 Bd6 25. Bd3 Re7 26. Bf5 Rf8 27. Bxd7 Nxd7 28. Qxb7 Qe5 29. Nf3 Rxf3 30. Qxf3 1-0

[Event "Basel op"]
[Site "Basel"]
[Date "2014.01.02"]
[Round "3"]
[White "Chauveau, Philippe"]
[Black "Ditzler, Juerg"]
[Result "1/2-1/2"]
[WhiteElo "1968"]
[BlackElo "2053"]
[PlyCount "32"]
[EventDate "2014.01.01"]
[EventType "swiss"]
[EventRounds "7"]
[EventCountry "SUI"]
[SourceTitle "CBM 158 Extra"]
[Source "ChessBase"]
[SourceDate "2014.02.28"]
[SourceVersion "1"]
[SourceVersionDate "2014.02.28"]
[SourceQuality "1"]

1. Nf3 g6 2. c4 Bg7 3. Nc3 c5 4. g3 Nf6 5. Bg2 0-0 6. 0-0 Nc6 7. d3 d6 8. a3 e6 9. Rb1 Ne8 10. Bd2 a5 11. Nb5 Nc7 12. Nxc7 Qxc7 13. Qc1 Bd7 14. Bh6 Rfb8 15. Bxg7 Kxg7 16. h4 h5 1/2-1/2